[Event "Toronto Excelsior op"]
[Site "Toronto"]
[Date "2023.04.23"]
[Round "5"]
[White "Adnan, Habib"]
[Black "Laughlin, Braden"]
[Result "1-0"]
[WhiteElo "2210"]
[BlackElo "1693"]
[PlyCount "87"]
[EventDate "2023.04.21"]
[EventType "swiss"]
[EventRounds "5"]
[EventCountry "CAN"]
[SourceTitle "CBM 213 Extra"]
[Source "ChessBase"]
[SourceDate "2023.05.31"]
[SourceVersion "1"]
[SourceVersionDate "2023.05.31"]
[SourceQuality "1"]

1. d4 d5 2. c4 c6 3. Nf3 Nf6 4. e3 e6 5. b3 Ne4 6. Bd3 Bb4+ 7. Nbd2 Nd7 8. 0-0 f5 9. a3 Bd6 10. c5 Bc7 11. b4 Qf6 12. Bb2 g5 13. Bxe4 fxe4 14. Ne5 Nxe5 15. dxe5 Qg6 16. f3 exf3 17. Rxf3 Bd8 18. Qb3 g4 19. Rf6 Bxf6 20. exf6 Rf8 21. Rf1 h5 22. Qc3 h4 23. Rf4 Kf7 24. Nb3 Qg5 25. Qe5 Qxe5 26. Bxe5 Rg8 27. Nc1 a5 28. b5 cxb5 29. Nd3 Bd7 30. h3 gxh3 31. Rxh4 Rxg2+ 32. Kf1 Rd2 33. Nf4 Rf8 34. Rxh3 Ra2 35. Rh7+ Ke8 36. Ng6 Rxa3 37. Re7+ Kd8 38. Nxf8 Rxe3 39. Nxd7 Rf3+ 40. Ke2 Rf5 41. Bd6 a4 42. f7 a3 43. Nb6 Re5+ 44. Kd2 1-0

[Event "Toronto Excelsior op"]
[Site "Toronto"]
[Date "2023.04.22"]
[Round "3"]
[White "Adnan, Habib"]
[Black "Lu, Tony"]
[Result "1-0"]
[WhiteElo "2210"]
[BlackElo "1660"]
[PlyCount "89"]
[EventDate "2023.04.21"]
[EventType "swiss"]
[EventRounds "5"]
[EventCountry "CAN"]
[SourceTitle "CBM 213 Extra"]
[Source "ChessBase"]
[SourceDate "2023.05.31"]
[SourceVersion "1"]
[SourceVersionDate "2023.05.31"]
[SourceQuality "1"]

1. d4 d5 2. c4 c6 3. Nf3 Nf6 4. e3 e6 5. b3 Nbd7 6. Bd3 Bd6 7. Bb2 0-0 8. 0-0 Qc7 9. Nbd2 e5 10. cxd5 cxd5 11. Rc1 Qb8 12. dxe5 Nxe5 13. Nxe5 Bxe5 14. Bxe5 Qxe5 15. Nf3 Qe7 16. Qc2 Qa3 17. Nd4 Bd7 18. Qc5 Qxc5 19. Rxc5 Rfc8 20. Rfc1 b6 21. Rxc8+ Rxc8 22. Rxc8+ Bxc8 23. Nc6 Bd7 24. Nxa7 Ne4 25. Kf1 Kf8 26. Ke1 Ke7 27. f3 Nd6 28. Kd2 h6 29. Kc3 Bf5 30. Nc6+ Kd7 31. Nd4 Be6 32. Kb4 Kc7 33. Nb5+ Kc6 34. Nxd6 Kxd6 35. Kc3 Bd7 36. Kd4 Bc6 37. a4 Bd7 38. Bc2 f6 39. b4 Bc6 40. a5 bxa5 41. bxa5 Bb7 42. Bd3 Bc6 43. a6 Ba8 44. e4 g6 45. exd5 1-0

[Event "Titled Tuesday intern op 08th Nov Early"]
[Site "Chess.com INT"]
[Date "2022.11.08"]
[Round "8"]
[White "Adnan, Habib"]
[Black "Jegorovas, Aleksandras"]
[Result "0-1"]
[WhiteElo "2210"]
[BlackElo "2270"]
[PlyCount "76"]
[EventDate "2022.11.08"]
[EventType "swiss (blitz)"]
[EventRounds "11"]
[EventCountry "USA"]
[SourceTitle "EXT 2024"]
[Source "ChessBase"]
[SourceDate "2023.10.10"]
[SourceVersion "1"]
[SourceVersionDate "2023.10.10"]
[SourceQuality "1"]

1. d4 Nf6 2. c4 e6 3. g3 d5 4. Bg2 Be7 5. Nf3 0-0 6. 0-0 dxc4 7. Qc2 b6 8. Ne5 Qxd4 9. Bxa8 Qxe5 10. Bf3 Ba6 11. Nc3 b5 12. a3 Nd5 13. Nxd5 exd5 14. Bf4 Qe6 15. Bxc7 Nc6 16. Rfd1 d4 17. Qe4 Qxe4 18. Bxe4 Rc8 19. Bf4 Bf6 20. g4 g5 21. Bg3 Kg7 22. f4 h6 23. Kf2 Na5 24. Rac1 Nb3 25. Rc2 Re8 26. Bf5 Bb7 27. fxg5 Bxg5 28. e4 dxe3+ 29. Ke2 Bf6 30. Rd7 Nd4+ 31. Rxd4 Bxd4 32. Rc1 Be4 33. Bxe4 Rxe4 34. Rd1 Bxb2 35. Rd7 Bxa3 36. Rxa7 b4 37. Kf3 Re6 38. Rc7 b3 0-1

[Event "Titled Tuesday intern op 08th Nov Early"]
[Site "Chess.com INT"]
[Date "2022.11.08"]
[Round "1"]
[White "Adnan, Habib"]
[Black "Taboas Rodriguez, Daniel"]
[Result "0-1"]
[WhiteElo "2210"]
[BlackElo "2359"]
[PlyCount "56"]
[EventDate "2022.11.08"]
[EventType "swiss (blitz)"]
[EventRounds "11"]
[EventCountry "USA"]
[SourceTitle "EXT 2024"]
[Source "ChessBase"]
[SourceDate "2023.10.10"]
[SourceVersion "1"]
[SourceVersionDate "2023.10.10"]
[SourceQuality "1"]

1. d4 Nf6 2. c4 g6 3. Nf3 Bg7 4. Nc3 0-0 5. Bg5 b6 6. e3 Bb7 7. Qc2 c5 8. Be2 cxd4 9. exd4 Nc6 10. 0-0 Rc8 11. Rac1 h6 12. Bh4 g5 13. Bg3 d5 14. Rfd1 e6 15. c5 bxc5 16. dxc5 Qa5 17. Bd6 Rfd8 18. a3 Ne8 19. Nb5 Rd7 20. b4 Qd8 21. Bg3 e5 22. Qf5 a6 23. Nc3 e4 24. Nxe4 Ne7 25. Qh3 f5 26. Nexg5 hxg5 27. Nxg5 Nf6 28. Be5 Ng6 0-1

[Event "Titled Tuesday intern op 08th Nov Early"]
[Site "Chess.com INT"]
[Date "2022.11.08"]
[Round "10"]
[White "Sanchez, Roberto Daniel"]
[Black "Adnan, Habib"]
[Result "0-1"]
[WhiteElo "1971"]
[BlackElo "2210"]
[PlyCount "116"]
[EventDate "2022.11.08"]
[EventType "swiss (blitz)"]
[EventRounds "11"]
[EventCountry "USA"]
[SourceTitle "EXT 2024"]
[Source "ChessBase"]
[SourceDate "2023.10.10"]
[SourceVersion "1"]
[SourceVersionDate "2023.10.10"]
[SourceQuality "1"]

1. e4 c5 2. Nf3 Nc6 3. d4 cxd4 4. Nxd4 Nf6 5. Nc3 e5 6. Ndb5 d6 7. Bg5 a6 8. Bxf6 gxf6 9. Na3 Be6 10. Nd5 b5 11. Bd3 f5 12. c4 b4 13. Nc2 a5 14. exf5 Bd7 15. f6 Rg8 16. Be4 Rc8 17. Qh5 h6 18. 0-0 Be6 19. f4 exf4 20. Nxf4 Bg4 21. Bxc6+ Rxc6 22. Qd5 Qb6+ 23. Kh1 Rc7 24. Rfe1+ Kd8 25. Nd4 Rg5 26. Qa8+ Rc8 27. Qe4 Re5 28. Qd3 Bd7 29. Nd5 Qc5 30. b3 Be6 31. Rxe5 dxe5 32. Nxe6+ fxe6 33. Nb6+ Ke8 34. Nxc8 Qxc8 35. Qg6+ Kd8 36. Rd1+ Kc7 37. Qf7+ Kb8 38. Qd7 Bc5 39. Qxc8+ Kxc8 40. f7 Kc7 41. Rf1 Bf8 42. Rf6 Kd6 43. Rg6 Ke7 44. Rg4 Kxf7 45. Re4 Kf6 46. g3 Kf5 47. Re2 e4 48. Kg2 Bc5 49. h3 e3 50. Kf3 e5 51. g4+ Kg5 52. Ke4 Bd4 53. c5 Bxc5 54. Kxe5 Kh4 55. Kf5 Kxh3 56. Ke5 Kxg4 57. Kd5 Ba7 58. Kc6 Kf3 0-1

[Event "Titled Tuesday intern op 08th Nov Early"]
[Site "Chess.com INT"]
[Date "2022.11.08"]
[Round "6"]
[White "Tharushi, THD Niklesha"]
[Black "Adnan, Habib"]
[Result "0-1"]
[WhiteElo "1581"]
[BlackElo "2210"]
[PlyCount "46"]
[EventDate "2022.11.08"]
[EventType "swiss (blitz)"]
[EventRounds "11"]
[EventCountry "USA"]
[SourceTitle "EXT 2024"]
[Source "ChessBase"]
[SourceDate "2023.10.10"]
[SourceVersion "1"]
[SourceVersionDate "2023.10.10"]
[SourceQuality "1"]

1. e4 c5 2. Nf3 Nc6 3. d4 cxd4 4. Nxd4 Nf6 5. Nc3 e5 6. Ndb5 d6 7. Bg5 a6 8. Na3 b5 9. Nd5 Be7 10. Bd3 Nxd5 11. exd5 Bxg5 12. dxc6 0-0 13. h4 Be7 14. h5 d5 15. f3 Bh4+ 16. Ke2 Qg5 17. Qd2 Qxg2+ 18. Kd1 Qxh1+ 19. Ke2 Qg2+ 20. Kd1 Qxf3+ 21. Be2 Qh1+ 22. Bf1 Qxf1+ 23. Qe1 Qxe1# 0-1

[Event "Titled Tuesday intern op 01st Nov Early"]
[Site "Chess.com INT"]
[Date "2022.11.01"]
[Round "6"]
[White "Adnan, Habib"]
[Black "Bashirli, Saadat"]
[Result "1/2-1/2"]
[WhiteElo "2210"]
[BlackElo "1541"]
[PlyCount "106"]
[EventDate "2022.11.01"]
[EventType "swiss (blitz)"]
[EventRounds "11"]
[EventCountry "USA"]
[SourceTitle "EXT 2024"]
[Source "ChessBase"]
[SourceDate "2023.10.10"]
[SourceVersion "1"]
[SourceVersionDate "2023.10.10"]
[SourceQuality "1"]

1. d4 d5 2. c4 e6 3. g3 c6 4. Bg2 dxc4 5. Nf3 b5 6. 0-0 Bb7 7. Ne5 Nf6 8. b3 cxb3 9. Qxb3 Bd6 10. Nc3 a6 11. a4 b4 12. a5 Qc7 13. Nc4 0-0 14. Na4 Nbd7 15. e4 e5 16. f4 exd4 17. e5 Nxe5 18. Nxd6 Qxd6 19. fxe5 Qxe5 20. Bf4 Qb5 21. Rfc1 Nd7 22. Bd6 Rfe8 23. Qxb4 Qxb4 24. Bxb4 Ne5 25. Nc5 Rab8 26. Re1 f6 27. Rad1 Red8 28. Ne6 Rd7 29. Rxd4 Rxd4 30. Nxd4 Nd3 31. Bd6 Rd8 32. Rd1 Rxd6 33. Rxd3 c5 34. Bxb7 cxd4 35. Kg2 Kf7 36. Kf3 Ke6 37. Ke4 f5+ 38. Kf4 Kf6 39. h4 g6 40. Rb3 h6 41. Rb6 g5+ 42. hxg5+ hxg5+ 43. Kf3 Rxb6 44. axb6 Ke6 45. Bd5+ Kd6 46. b7 Kc7 47. Ke2 a5 48. Kd3 a4 49. Kxd4 a3 50. Ke5 f4 51. gxf4 gxf4 52. Kxf4 a2 53. Bxa2 Kxb7 1/2-1/2

[Event "Titled Tuesday intern op 01st Nov Early"]
[Site "Chess.com INT"]
[Date "2022.11.01"]
[Round "11"]
[White "Adnan, Habib"]
[Black "Harriott, Tyrell"]
[Result "1/2-1/2"]
[WhiteElo "2210"]
[BlackElo "1871"]
[PlyCount "89"]
[EventDate "2022.11.01"]
[EventType "swiss (blitz)"]
[EventRounds "11"]
[EventCountry "USA"]
[SourceTitle "EXT 2024"]
[Source "ChessBase"]
[SourceDate "2023.10.10"]
[SourceVersion "1"]
[SourceVersionDate "2023.10.10"]
[SourceQuality "1"]

1. d4 e6 2. c4 d5 3. g3 c6 4. Bg2 Bd6 5. Nf3 f5 6. 0-0 Nf6 7. Nc3 0-0 8. Qc2 Ne4 9. Bf4 Bxf4 10. gxf4 Nd7 11. Ne5 Nxe5 12. fxe5 Qg5 13. e3 b6 14. f4 Qh4 15. Rf3 Ba6 16. Nxe4 fxe4 17. Rh3 Qg4 18. Rg3 Qh5 19. b3 Rf5 20. Bh3 dxc4 21. Bxf5 Qxf5 22. bxc4 Rd8 23. Kh1 c5 24. Rag1 g6 25. dxc5 bxc5 26. Qa4 Bb7 27. Rd1 Qf8 28. Rgg1 Ra8 29. Qd7 Ba6 30. Qxe6+ Kg7 31. Qxa6 Qf5 32. Qb7+ Kh6 33. Rd7 Rh8 34. Rd2 Qh3 35. Qb3 Qf3+ 36. Rdg2 Rd8 37. e6 Rd3 38. e7 Rd2 39. e8Q Rxg2 40. Qf8+ Kh5 41. Rxg2 Qf1+ 42. Rg1 Qf3+ 43. Rg2 Qf1+ 44. Rg1 Qf3+ 45. Rg2 1/2-1/2

[Event "Titled Tuesday intern op 19th Jul Early"]
[Site "Chess.com INT"]
[Date "2022.07.19"]
[Round "5"]
[White "Carlsson, Ludvig"]
[Black "Adnan, Habib"]
[Result "1-0"]
[WhiteElo "2399"]
[BlackElo "2210"]
[PlyCount "83"]
[EventDate "2022.07.19"]
[EventType "swiss (blitz)"]
[EventRounds "11"]
[EventCountry "USA"]
[SourceTitle "EXT 2023"]
[Source "ChessBase"]
[SourceDate "2022.10.05"]
[SourceVersion "1"]
[SourceVersionDate "2022.10.05"]
[SourceQuality "1"]

1. e4 c5 2. Nf3 Nc6 3. d4 cxd4 4. Nxd4 Nf6 5. Nc3 e5 6. Ndb5 d6 7. Bg5 a6 8. Na3 b5 9. Bxf6 gxf6 10. Nd5 f5 11. c3 Be6 12. exf5 Bxf5 13. Nc2 Bg7 14. Nce3 Be6 15. Bd3 Ne7 16. Be4 Rc8 17. Qh5 Ng6 18. 0-0-0 0-0 19. Nf5 Bxf5 20. Qxf5 Rc4 21. h4 b4 22. h5 bxc3 23. Nxc3 Qa5 24. hxg6 hxg6 25. Qh3 Rfc8 26. Bc2 Qb4 27. a3 Qa5 28. Rd5 Qc7 29. Rhd1 e4 30. Rxd6 Bxc3 31. Qxc8+ Qxc8 32. Rd8+ Kg7 33. Rxc8 Rxc8 34. bxc3 Rxc3 35. Kb2 Rc4 36. Re1 f5 37. Rd1 Rc7 38. Rd6 a5 39. Ra6 Rc5 40. g3 Kh6 41. a4 Kg5 42. Rb6 1-0

[Event "Titled Tuesday intern op 19th Jul Early"]
[Site "Chess.com INT"]
[Date "2022.07.19"]
[Round "8"]
[White "Mitrovic, Darko R"]
[Black "Adnan, Habib"]
[Result "0-1"]
[WhiteElo "2223"]
[BlackElo "2210"]
[PlyCount "72"]
[EventDate "2022.07.19"]
[EventType "swiss (blitz)"]
[EventRounds "11"]
[EventCountry "USA"]
[SourceTitle "EXT 2023"]
[Source "ChessBase"]
[SourceDate "2022.10.05"]
[SourceVersion "1"]
[SourceVersionDate "2022.10.05"]
[SourceQuality "1"]

1. d4 Nf6 2. c4 g6 3. Nc3 Bg7 4. e4 d6 5. f3 Nc6 6. Be3 a6 7. Bd3 Rb8 8. Nge2 0-0 9. 0-0 e5 10. d5 Ne7 11. c5 Ne8 12. Rc1 f5 13. b4 f4 14. Bf2 g5 15. a4 h5 16. a5 g4 17. cxd6 Nxd6 18. Kh1 g3 19. hxg3 fxg3 20. Bxg3 Ng6 21. b5 Bh6 22. Rc2 Nf4 23. bxa6 bxa6 24. Nxf4 exf4 25. Bh2 Nf7 26. Ne2 Ne5 27. Nd4 Qh4 28. Nc6 Ng4 29. fxg4 hxg4 30. g3 fxg3 31. Nxb8 Bf4 32. Nc6 gxh2 33. Rg2 g3 34. Qf3 Bg4 35. Qxf4 Rxf4 36. Rxf4 Qg5 0-1

[Event "Titled Tuesday intern op 12th Jul Early"]
[Site "Chess.com INT"]
[Date "2022.07.12"]
[Round "7"]
[White "Adnan, Habib"]
[Black "Piliczewski, Bogusz"]
[Result "1-0"]
[WhiteElo "2210"]
[BlackElo "1950"]
[PlyCount "57"]
[EventDate "2022.07.12"]
[EventType "swiss (blitz)"]
[EventRounds "11"]
[EventCountry "USA"]
[SourceTitle "EXT 2023"]
[Source "ChessBase"]
[SourceDate "2022.10.05"]
[SourceVersion "1"]
[SourceVersionDate "2022.10.05"]
[SourceQuality "1"]

1. d4 d5 2. c4 c6 3. Nf3 Nf6 4. e3 e6 5. b3 Nbd7 6. Bd3 Bd6 7. Bb2 Ne4 8. Nbd2 f5 9. 0-0 0-0 10. Ne1 Bb4 11. Ndf3 Bd6 12. Rc1 Qf6 13. Bb1 Qh6 14. Nd3 Ndf6 15. Nfe5 Ng4 16. Nxg4 fxg4 17. Ne5 Bxe5 18. dxe5 Qh5 19. Bxe4 dxe4 20. Qd4 Qf5 21. Ba3 Re8 22. Bd6 Bd7 23. c5 Rac8 24. Rc4 Kf7 25. Qxe4 Qxe4 26. Rxe4 h5 27. f3 gxf3 28. Rxf3+ Kg8 29. Ref4 1-0

[Event "Titled Tuesday intern op 12th Jul Early"]
[Site "Chess.com INT"]
[Date "2022.07.12"]
[Round "4"]
[White "Adnan, Habib"]
[Black "Shuvalov, Evgenij"]
[Result "0-1"]
[WhiteElo "2210"]
[BlackElo "2182"]
[PlyCount "82"]
[EventDate "2022.07.12"]
[EventType "swiss (blitz)"]
[EventRounds "11"]
[EventCountry "USA"]
[SourceTitle "EXT 2023"]
[Source "ChessBase"]
[SourceDate "2022.10.05"]
[SourceVersion "1"]
[SourceVersionDate "2022.10.05"]
[SourceQuality "1"]

1. d4 Nf6 2. c4 c5 3. d5 b5 4. cxb5 a6 5. bxa6 Bxa6 6. Nc3 d6 7. g3 g6 8. Bg2 Bg7 9. Nf3 Nbd7 10. 0-0 Nb6 11. Re1 0-0 12. h3 Nc4 13. e4 Nd7 14. Qc2 Qa5 15. a3 Rfb8 16. Nd2 Nce5 17. Bf1 Bxf1 18. Rxf1 Qa6 19. Nd1 Qd3 20. Qxd3 Nxd3 21. Nc4 Ra4 22. Nde3 N7e5 23. Nxe5 Bxe5 24. Ra2 Rxe4 25. Nc2 Rc4 26. b4 cxb4 27. axb4 Rbc8 28. Ne3 Rxc1 29. Rxc1 Rxc1+ 30. Kg2 Nxb4 31. Ra8+ Kg7 32. Ng4 Nd3 33. Kf3 Rc2 34. Ke3 Nc5 35. Ra7 Bf6 36. Nxf6 Kxf6 37. f4 Rc3+ 38. Kf2 Ne4+ 39. Ke2 Rxg3 40. f5 gxf5 41. Rc7 Rxh3 0-1

[Event "Titled Tuesday intern op 12th Jul Early"]
[Site "Chess.com INT"]
[Date "2022.07.12"]
[Round "6"]
[White "Harsh, Suresh"]
[Black "Adnan, Habib"]
[Result "1-0"]
[WhiteElo "2321"]
[BlackElo "2210"]
[PlyCount "73"]
[EventDate "2022.07.12"]
[EventType "swiss (blitz)"]
[EventRounds "11"]
[EventCountry "USA"]
[SourceTitle "EXT 2023"]
[Source "ChessBase"]
[SourceDate "2022.10.05"]
[SourceVersion "1"]
[SourceVersionDate "2022.10.05"]
[SourceQuality "1"]

1. d4 Nf6 2. Nf3 g6 3. Bf4 Bg7 4. e3 d6 5. Nbd2 0-0 6. c3 c5 7. h3 b6 8. a4 a6 9. Be2 Bb7 10. 0-0 Nbd7 11. Bh2 Ra7 12. b4 Qa8 13. Qb3 Ne4 14. Nxe4 Bxe4 15. Rfc1 Rc7 16. a5 c4 17. Qb2 b5 18. Ne1 Bb7 19. Bf3 e5 20. Bxb7 Qxb7 21. Qe2 Re8 22. Qf3 d5 23. Rd1 e4 24. Qe2 Rc6 25. g4 f5 26. Ng2 fxg4 27. hxg4 Nf6 28. Be5 Qd7 29. Bxf6 Bxf6 30. f3 exf3 31. Qxf3 Bg5 32. Ra2 Re4 33. Rf2 Rf6 34. Qe2 Rxf2 35. Qxf2 Qxg4 36. Rf1 Qe6 37. Qf8# 1-0

[Event "Titled Tuesday intern op 12th Jul Early"]
[Site "Chess.com INT"]
[Date "2022.07.12"]
[Round "1"]
[White "Wachinger, Nikolas"]
[Black "Adnan, Habib"]
[Result "1-0"]
[WhiteElo "2437"]
[BlackElo "2210"]
[PlyCount "47"]
[EventDate "2022.07.12"]
[EventType "swiss (blitz)"]
[EventRounds "11"]
[EventCountry "USA"]
[SourceTitle "EXT 2023"]
[Source "ChessBase"]
[SourceDate "2022.10.05"]
[SourceVersion "1"]
[SourceVersionDate "2022.10.05"]
[SourceQuality "1"]

1. d4 Nf6 2. Nf3 g6 3. c4 Bg7 4. e3 0-0 5. Be2 c5 6. dxc5 Qa5+ 7. Bd2 Qxc5 8. Bc3 Qc7 9. 0-0 b6 10. Nbd2 Bb7 11. Rc1 d6 12. b4 a6 13. a4 Nbd7 14. Qb3 Rfd8 15. Rfd1 Rac8 16. h3 Qb8 17. Bd4 Qa8 18. Qb2 a5 19. bxa5 bxa5 20. Nb3 Rb8 21. Qd2 Bc6 22. Qxa5 Bxa4 23. Qxa8 Rxa8 24. Nfd2 1-0

[Event "Titled Tuesday intern op 12th Jul Early"]
[Site "Chess.com INT"]
[Date "2022.07.12"]
[Round "2"]
[White "Yaniuk, Volodymyr"]
[Black "Adnan, Habib"]
[Result "0-1"]
[WhiteElo "2223"]
[BlackElo "2210"]
[PlyCount "74"]
[EventDate "2022.07.12"]
[EventType "swiss (blitz)"]
[EventRounds "11"]
[EventCountry "USA"]
[SourceTitle "EXT 2023"]
[Source "ChessBase"]
[SourceDate "2022.10.05"]
[SourceVersion "1"]
[SourceVersionDate "2022.10.05"]
[SourceQuality "1"]

1. d4 Nf6 2. c4 g6 3. Nc3 Bg7 4. e4 d6 5. Nf3 0-0 6. h3 e5 7. d5 a5 8. Be3 Nbd7 9. g4 b6 10. Nd2 Nc5 11. a3 Bd7 12. b3 Qe8 13. Rg1 Kh8 14. Be2 Ng8 15. Qc2 f5 16. 0-0-0 f4 17. Bxc5 bxc5 18. a4 Qb8 19. Nb5 Qb6 20. Nf3 h6 21. Nh4 Ne7 22. Bf3 Kh7 23. Qe2 Be8 24. Ng2 Nc8 25. g5 h5 26. Nh4 Ne7 27. Bxh5 gxh5 28. g6+ Kh6 29. Qf3 Rg8 30. Qg2 Bf6 31. Nf5+ Nxf5 32. exf5 Bxb5 33. cxb5 c4 34. Qf3 cxb3 35. h4 Qc5+ 36. Kb2 Qc2+ 37. Ka3 Qa2# 0-1

[Event "Abu Dhabi op 25th"]
[Site "Abu Dhabi"]
[Date "2018.08.13"]
[Round "7"]
[White "Adnan, Habib"]
[Black "Aliyev, Ravan"]
[Result "0-1"]
[WhiteElo "2171"]
[BlackElo "2346"]
[PlyCount "68"]
[EventDate "2018.08.07"]
[EventType "swiss"]
[EventRounds "9"]
[EventCountry "UAE"]
[SourceTitle "CBM 185 Extra"]
[Source "ChessBase"]
[SourceDate "2018.07.29"]
[SourceVersion "1"]
[SourceVersionDate "2018.07.29"]
[SourceQuality "1"]

1. d4 Nf6 2. Nf3 g6 3. Bg5 Bg7 4. Nbd2 0-0 5. Bxf6 Bxf6 6. e4 d6 7. c3 c5 8. dxc5 dxc5 9. Bc4 Nc6 10. 0-0 Qc7 11. Qe2 b6 12. Rfe1 Bb7 13. e5 Bg7 14. e6 f5 15. a3 Bf6 16. Qe3 Kg7 17. Rad1 Rad8 18. Ba2 Ba6 19. Bb1 Rd5 20. Nf1 Rfd8 21. Rxd5 Rxd5 22. h4 Ne5 23. Nxe5 Rxe5 24. Qg3 Rxe1 25. Qxc7 Rxb1 26. b4 cxb4 27. cxb4 Rxf1+ 28. Kh2 Rxf2 29. Kg3 Rf1 30. Kh2 Bd3 31. Qxa7 Be4 32. Qc7 Bxh4 33. Qxb6 Bg5 34. Qd4+ Kh6 0-1

[Event "Abu Dhabi op 25th"]
[Site "Abu Dhabi"]
[Date "2018.08.11"]
[Round "4"]
[White "Adnan, Habib"]
[Black "Sammed Jaykumar, Shete"]
[Result "0-1"]
[WhiteElo "2171"]
[BlackElo "2314"]
[PlyCount "86"]
[EventDate "2018.08.07"]
[EventType "swiss"]
[EventRounds "9"]
[EventCountry "UAE"]
[SourceTitle "CBM 185 Extra"]
[Source "ChessBase"]
[SourceDate "2018.07.29"]
[SourceVersion "1"]
[SourceVersionDate "2018.07.29"]
[SourceQuality "1"]

1. d4 Nf6 2. Nf3 g6 3. c4 Bg7 4. Nc3 d5 5. Bg5 Ne4 6. Bh4 Nxc3 7. bxc3 c6 8. e3 0-0 9. Bd3 Nd7 10. cxd5 cxd5 11. Qb3 Nf6 12. 0-0 b6 13. Ne5 Be6 14. a4 Rc8 15. f3 Ne8 16. Ba6 Rc7 17. Bg3 Nd6 18. a5 bxa5 19. Nd3 Rc6 20. Nc5 Nf5 21. Bf2 Rxc5 22. dxc5 d4 23. Bc4 dxe3 24. Bg3 Bxc4 25. Qxc4 Nxg3 26. Rfd1 Qc7 27. hxg3 Qxg3 28. Ra2 Be5 29. Qg4 Qh2+ 30. Kf1 Bxc3 31. Rc2 h5 32. Qh3 Qe5 33. Ke2 Bd2 34. Qd7 Qg3 35. c6 Qxg2+ 36. Kd3 Qxf3 37. Rb1 e6 38. Rcb2 Bb4 39. c7 e2+ 40. Kc4 Qc3+ 41. Kb5 e1Q 42. Rxe1 Qxb2 43. Re4 Bd6+ 0-1

[Event "Abu Dhabi op 25th"]
[Site "Abu Dhabi"]
[Date "2018.08.08"]
[Round "2"]
[White "Adnan, Habib"]
[Black "Zuo, Yifan"]
[Result "0-1"]
[WhiteElo "2171"]
[BlackElo "2334"]
[PlyCount "94"]
[EventDate "2018.08.07"]
[EventType "swiss"]
[EventRounds "9"]
[EventCountry "UAE"]
[SourceTitle "CBM 185 Extra"]
[Source "ChessBase"]
[SourceDate "2018.07.29"]
[SourceVersion "1"]
[SourceVersionDate "2018.07.29"]
[SourceQuality "1"]

1. d4 Nf6 2. Nf3 e6 3. Bf4 c5 4. e3 b6 5. Nbd2 Bb7 6. Nc4 cxd4 7. Qxd4 Nc6 8. Nd6+ Bxd6 9. Qxd6 Ne4 10. Qd3 d5 11. Be2 0-0 12. 0-0 Qf6 13. c4 Qxb2 14. cxd5 exd5 15. Rfb1 Qf6 16. Rc1 Rad8 17. Rab1 h6 18. h3 Ba8 19. Qc2 Nc5 20. Bc7 Rc8 21. Bh2 d4 22. e4 Qe6 23. e5 d3 24. Bxd3 Nxd3 25. Qxd3 Nb4 26. Qb3 Nxa2 27. Rxc8 Rxc8 28. Qxe6 fxe6 29. Nd4 Bd5 30. Bf4 Nc3 31. Rc1 Rc4 32. Bd2 Rxd4 33. Bxc3 Rc4 34. Bb2 Rxc1+ 35. Bxc1 Kf7 36. f4 Ke8 37. Kf2 Kd7 38. g4 Be4 39. Ke3 Bg2 40. h4 g6 41. f5 exf5 42. gxf5 gxf5 43. Kf2 Bc6 44. Bxh6 Ke6 45. Bf4 Be8 46. Ke3 Kd5 47. Kd3 b5 0-1

[Event "Salon de Provence op 9th"]
[Site "Salon de Provence"]
[Date "2017.07.07"]
[Round "2"]
[White "Adnan, Habib"]
[Black "Chakravarthi, Reddy M"]
[Result "1-0"]
[WhiteElo "2003"]
[BlackElo "2421"]
[PlyCount "123"]
[EventDate "2017.07.07"]
[EventType "swiss"]
[EventRounds "7"]
[EventCountry "FRA"]
[SourceTitle "EXT 2020"]
[Source "ChessBase"]
[SourceDate "2019.10.17"]
[SourceVersion "1"]
[SourceVersionDate "2019.10.17"]
[SourceQuality "1"]

1. d4 d5 2. Bf4 Nf6 3. e3 c5 4. c3 Nc6 5. Nd2 e6 6. Ngf3 cxd4 7. exd4 Nh5 8. Be3 Bd6 9. Ne5 g6 10. f4 0-0 11. Bd3 Ne7 12. g4 Ng7 13. g5 f6 14. gxf6 Rxf6 15. Qg4 b5 16. h4 Nh5 17. Rg1 Kh8 18. Ke2 Qf8 19. Raf1 Nf5 20. Rf2 Nxe3 21. Kxe3 Bxe5 22. dxe5 Qc5+ 23. Ke2 Qxf2+ 24. Kxf2 Rxf4+ 25. Ke3 Rxg4 26. Rxg4 Bd7 27. Kd4 Kg7 28. Kc5 Kf7 29. Kd6 Ke8 30. Kc7 Ke7 31. Nb3 Rf8 32. Nd4 a6 33. Nc6+ Bxc6 34. Kxc6 Nf4 35. Bf1 Nh5 36. Bd3 Rf3 37. Bb1 Nf4 38. Rg1 Rf2 39. b3 Rh2 40. Rg4 Ne2 41. c4 bxc4 42. bxc4 Nc3 43. Bd3 Rd2 44. Bf1 Rxa2 45. c5 a5 46. h5 Ne4 47. hxg6 hxg6 48. Bd3 Nf2 49. Rg2 g5 50. Bb5 g4 51. Kb6 g3 52. c6 Rc2 53. Rxg3 Ne4 54. Rg7+ Kf8 55. Ra7 Nc3 56. Bd3 Na4+ 57. Kc7 Rc3 58. Bb5 Nc5 59. Kd6 Nb3 60. c7 Nd4 61. Ra8+ Kf7 62. Be8+ 1-0

[Event "Salon de Provence op 9th"]
[Site "Salon de Provence"]
[Date "2017.07.07"]
[Round "1"]
[White "Got, Lionel"]
[Black "Adnan, Habib"]
[Result "0-1"]
[WhiteElo "1717"]
[BlackElo "2003"]
[PlyCount "65"]
[EventDate "2017.07.07"]
[EventType "swiss"]
[EventRounds "7"]
[EventCountry "FRA"]
[SourceTitle "EXT 2020"]
[Source "ChessBase"]
[SourceDate "2019.10.17"]
[SourceVersion "1"]
[SourceVersionDate "2019.10.17"]
[SourceQuality "1"]

1. e4 c5 2. Nf3 e6 3. d4 cxd4 4. Nxd4 Nc6 5. Nb5 d6 6. Bf4 e5 7. Be3 a6 8. N5a3 b5 9. c3 Nf6 10. Nd2 Ng4 11. Nc2 Nxe3 12. Nxe3 Be6 13. Be2 g6 14. 0-0 Bg7 15. a4 Rb8 16. Nf3 0-0 17. b4 f5 18. exf5 gxf5 19. h4 h6 20. g3 d5 21. axb5 axb5 22. Ra6 Qd7 23. Nc2 Qb7 24. Ra1 Rbd8 25. Qc1 d4 26. cxd4 e4 27. Nh2 Rxd4 28. Nxd4 Nxd4 29. Bd1 Bc4 30. Re1 Qe7 31. Qa3 Nc6 32. Rb1 Nd4 33. Nf1 0-1